الوعي الفونولوجي وعلاقته بالعسر القرائي لدى طلبة ذوي صعوبات التعلم = Phonological Awareness and its Relationship to Dyslexia when Requested by People with Learning Disabilities / (Record no. 33313)
[ view plain ]
| 000 -LEADER | |
|---|---|
| fixed length control field | 01103nam a22001937a 4500 |
| 003 - CONTROL NUMBER IDENTIFIER | |
| control field | JO-AjAnu |
| 005 - DATE AND TIME OF LATEST TRANSACTION | |
| control field | 20240605112158.0 |
| 008 - FIXED-LENGTH DATA ELEMENTS--GENERAL INFORMATION | |
| fixed length control field | 240313b jo ||||| |||| 00| 0 ara d |
| 040 ## - CATALOGING SOURCE | |
| Original cataloging agency | JO-AjAnu |
| Language of cataloging | ara |
| Transcribing agency | JO-AjAnu |
| 041 ## - LANGUAGE CODE | |
| Language code of text/sound track or separate title | ara |
| 100 ## - MAIN ENTRY--PERSONAL NAME | |
| Personal name | الشواشرة، جهاد محمد شحادة |
| 9 (RLIN) | 65060 |
| Relator term | معد |
| 245 2# - TITLE STATEMENT | |
| Title | الوعي الفونولوجي وعلاقته بالعسر القرائي لدى طلبة ذوي صعوبات التعلم = Phonological Awareness and its Relationship to Dyslexia when Requested by People with Learning Disabilities / |
| Statement of responsibility, etc. | إعداد جهاد محمد شحادة الشواشرة ؛ اشراف ريم عيدالله الكناني |
| 260 ## - PUBLICATION, DISTRIBUTION, ETC. | |
| Date of publication, distribution, etc. | 2024 |
| 300 ## - PHYSICAL DESCRIPTION | |
| Extent | 101ورقة |
| 500 ## - GENERAL NOTE | |
| General note | رسالة جامعية(رسالة ماجستير) - جامعة عجلون الوطنية (عجلون،الاردن)، كلية العلوم التريوية، قسم صعوبات التعلم، 2024 |
| 650 70 - SUBJECT ADDED ENTRY--TOPICAL TERM | |
| Topical term or geographic name entry element | صعوبات التعلم- صعوبات القراءة |
| 9 (RLIN) | 65061 |
| 700 #1 - ADDED ENTRY--PERSONAL NAME | |
| Personal name | الكناني، ريم عبدالله |
| 9 (RLIN) | 64923 |
| Relator term | مشرف |
| 942 ## - ADDED ENTRY ELEMENTS (KOHA) | |
| Source of classification or shelving scheme | Library of Congress Classification |
| Koha item type | Thesis |
| Suppress in OPAC | No |
| Withdrawn status | Lost status | Source of classification or shelving scheme | Damaged status | Not for loan | Home library | Current library | Date acquired | Total Checkouts | Full call number | Barcode | Date last seen | Price effective from | Koha item type |
|---|---|---|---|---|---|---|---|---|---|---|---|---|---|
| Library of Congress Classification | مكتبة جامعة عجلون الوطنية | مكتبة جامعة عجلون الوطنية | 13/03/2024 | LC4704.2024 | A29819 | 13/03/2024 | 13/03/2024 | Thesis | |||||
| Library of Congress Classification | مكتبة جامعة عجلون الوطنية | مكتبة جامعة عجلون الوطنية | 13/03/2024 | LC4704.2024 | A29818 | 13/03/2024 | 13/03/2024 | Thesis |